100 joueurs japonais avec la plus grosse valeur marchande - Statistiques

Statistiques générales
  • Ce quiz a été pris 27 fois
  • Le résultat moyen est 17 sur 100
Statistiques - réponses
Club Prix Réponse % Correct
Brighton 50 millions Kaoru Mitoma
100%
Real Sociedad 50 millions Takefusa Kubo
100%
Lazio Rome 27 millions Daichi Kamada
85%
Arsenal 25 millions Takehiro Tomiyasu
81%
AS Monaco 10 millions Takumi Minamino
81%
Urawa Red Diamonds 1 millions Atsuki Ito
77%
Stuttgart 17 millions Hiroki Ito
77%
Stade De Reims 10 millions Junya Ito
77%
Saint-Trond 1,3 millions Ryotaro Ito
77%
Liverpool 13 millions Wataru Endo
73%
Vissel Kobe 900k Gotoku Sakai
65%
Urawa Red Diamonds 1,4 millions Hiroki Sakai
65%
Stade De Reims 12 millions Keito Nakamura
54%
Portimonense 800k Kosuke Nakamura
54%
Borussia Monchengladbach 15 millions Ko Itakura
50%
Fribourg 18 millions Ritsu Doan
50%
Yokohama F. Marinos 1 millions Katsuya Nagato
46%
Celtic Glasgow 6 millions Daizen Maeda
38%
Avispa Fukuoka 1 millions Hiroyuki Mae
38%
Celtic Glasgow 14 millions Kyogo Furuhashi
35%
Feyenoord Rotterdam 8 millions Ayase Ueda
23%
Hokkaido Consadole Sapporo 1,2 millions Daiki Suga
23%
Sporting CP 12 millions Hidemasa Morita
23%
Eintracht Francfort 800k Makoto Hasebe
23%
Bochum 4 millions Takuma Asano
23%
AZ Alkmaar 10 millions Yukinari Sugawara
23%
Urawa Red Diamonds 1,6 millions Shoya Nakajima
19%
Kashima Antlers 2 millions Yuma Suzuki
19%
AJ Auxerre 1,5 millions Ado Onaiwu
15%
Celtic Glasgow 11 millions Reo Hatate
15%
Fortuna Dusseldorf 2 millions Ao Tanaka
12%
Sanfrecce Hiroshima 1,2 millions Keisuke Osako
12%
Albirex Niigata 900k Takahiro Ko
12%
Vissel Kobe 900k Yuya Osako
12%
Saint-Trond 1,8 millions Daiki Hashioka
8%
Saint-Trond 1,3 millions Daniel Schmidt
8%
Stuttgart 1 millions Genki Haraguchi
8%
Vissel Kobe 900k Hotaru Yamaguchi
8%
Union Saint-Gilloise 3 millions Koki Machida
8%
Kyoto Sanga 900k Taichi Hara
8%
Casa Pia 1,2 millions Yuki Soma
8%
Huddersfield Town 1,5 millions Yuta Nakayama
8%
Grassopher Zurich 2,4 millions Ayumu Seko
4%
Kashima Antlers 1 millions Gaku Shibasaki
4%
Standard De Liège 2,8 millions Hayao Kawabe
4%
Sanfrecce Hiroshima 1,2 millions Hayato Araki
4%
FC Tokyo 900k Hiroshi Kiyotake
4%
Birmingham City 2,2 millions Koji Miyoshi
4%
NEC Nijmegen 1,2 millions Koki Ogawa
4%
Sparta Rotterdam 3 millions Koki Saito
4%
Yokohama F. Marinos 850k Kota Watanabe
4%
Kashiwa Reysol 1 millions Mao Hosoya
4%
Kawasaki Frontale 1,6 millions Miki Yamane
4%
Vissel Kobe 900k Mitsuki Saito
4%
Cerezo Osaka 800k Ryosuke Yamanaka
4%
Nagoya Grampus 850k Ryoya Morishita
4%
Nagoya Grampus 1,3 millions Shinnosuke Nakatani
4%
Al-Rayyan 1,5 millions Shogo Taniguchi
4%
RWD Molenbeek 900k Shuto Abe
4%
Holstein Kiel 1,5 millions Shuto Machino
4%
Kyoto Sanga 1 millions Sota Kawasaki
4%
Yokohama F. Marinos 1,2 millions Takuma Nishimura
4%
KAA La Gantoise 4,5 millions Tsuyoshi Watanabe
4%
Vissel Kobe 1,8 millions Yoshinori Muto
4%
Hokkaido Consadole Sapporo 900k Akito Fukumori
0%
Ulsan Hyundai 900k Ataru Esaka
0%
1.FC Nurnberg 1,5 millions Daichi Hayashi
0%
Sanfrecce Hiroshima 900k Gakuto Notsuda
0%
Saint-Trond 850k Joel Chima Fujita
0%
Gil Vicente 3 millions Kanya Fujimoto
0%
Servette Geneve 900k Keigo Tsunemoto
0%
SD Huesca 1,5 millions Kento Hashimoto
0%
Oud-Heverlee Leuven 1,3 millions Kento Misao
0%
Kawasaki Frontale 850k Kento Tachibanada
0%
Yokohama F. Marinos 800k Kota Mizunuma
0%
Vissel Kobe 1 millions Koya Yuruki
0%
FC Tokyo 850k Kuryu Matsuki
0%
Sanfrecce Hiroshima 850k Makoto Mitsuta
0%
Augsbourg 2,5 millions Masaya Okugawa
0%
FC Tokyo 1 millions Seiya Maikuma
0%
Kyoto Sanga 900k Shimpei Fukuoka
0%
Yokohama F. Marinos 850k Shinnosuke Hatanaka
0%
Nagoya Grampus 1,2 millions Sho Inagaki
0%
Kyoto Sanga 900k Taiki Hirato
0%
Kawasaki Frontale 900k Taisei Miyashiro
0%
Kashiwa Reysol 1 millions Taiyo Koga
0%
Urawa Red Diamonds 900k Takahiro Akimoto
0%
Dinamo Zagreb 1 millions Takuro Kaneko
0%
Urawa Red Diamonds 800k Takuya Iwanami
0%
Yokohama F. Marinos 1,2 millions Takuya Kida
0%
Coventry City 1,8 millions Tatsuhiro Sakamoto
0%
FC Tokyo 1,2 millions Teruhito Nakagawa
0%
Celtic Glasgow 1 millions Tomoki Iwata
0%
Nagoya Grampus 1,4 millions Tsukasa Morishima
0%
Kawasaki Frontale 1,2 millions Yasuto Wakizaka
0%
Vancouver Whitecaps 1,5 millions Yohei Takaoka
0%
Kashima Antlers 900k Yuki Kakita
0%
KVC Westerlo 1,5 millions Yusuke Matsuo
0%
Kashima Antlers 1,3 millions Yuta Higuchi
0%
Avispa Fukuoka 1 millions Yuya Yamagishi
0%
Aucun quiz correspondant
Distribution des résultats
% des personnes avec chaque résultat
Percentile par nombre de réponses
Votre historique - résultats
Vous n’avez pas pris ce quiz